New Girl Romantic Quotes - Statistics

General Stats
  • This quiz has been taken 143 times
  • The average score is 22 of 24
Answer Stats
Question Answer % Correct
Who did they say it to? Jess
99%
Who said: "This is the coin I had in my pocket the first night we kissed. And I always have it"? Nick
99%
Who did they say it to? Aly
98%
Who said: "It's you and me, it's always been you and me"? Jess
98%
Who did they say it to? Nick
98%
Who said: "I've lied to every girl I said I love you to. I mean I thought I loved them but then I met you. And I realised that I've never been in love before"? Winston
98%
Who did they say it to? Cece
96%
Who did they say it to? Cece
95%
Who said: "I will never stop wanting to kiss you"? Schmidt
95%
Who said: "You and I not being together does not make sense to me"? Schmidt
94%
Who said: "You've been taking care of me my entire life"? Jess
93%
Who said: "You're gonna be a great husband to __ because you're a great husband to me"? Nick
92%
Who did they say it to? Schmidt
92%
Who did they say it to? Cece
91%
Who did they say it to? Cece
90%
Who said: "I've known since the minute I met you"? Schmidt
89%
Who did they say it to? Aly
86%
Who said: "It's kind of stupid how much I'm in love with you"? Cece
86%
Who did they say it to? Schmidt
86%
Who said: "Every day with you is so much better"? Winston
86%
Who said: "It's us, this is as perfect as it gets"? Jess
85%
Who did they say it to? Nick
84%
Who said: "I've never been more sure of anything"? Aly
80%
Who did they say it to? Winston
79%
No matching quizzes found
Score Distribution
Percent of People with Each Score
Percentile by Number Answered
Your Score History
You have not taken this quiz